| 000 | 00729nam a2200217 a 4500 | ||
|---|---|---|---|
| 005 | 20230527063522.0 | ||
| 008 | 991125s1988 mx 000 0 spa u | ||
| 020 | _a9688530557 | ||
| 035 | _aUPN01000000980 | ||
| 049 | _aCG | ||
| 050 | 4 |
_aBF724 _bG4.28 |
|
| 100 | 1 |
_aGesell, Arnold Lucius, _d1880-1961 _928379 |
|
| 245 | 1 | 3 |
_aEl adolescente de 15 a 16 años / _cArnold Gesell ; colab. Frances L. Ilg, Louise Bates Ames ; tr. Eduardo Loedel. |
| 260 |
_aMéxico : _bPaidós, _c1988. |
||
| 300 | _a107 p. | ||
| 440 | 0 |
_aPaidós educador ; _v46 |
|
| 650 | 4 |
_aPsicología del adolescente _91013 |
|
| 700 | 1 |
_aIlg, Frances Lillian, _d1902-1981 _ecolab. _928559 |
|
| 700 | 1 |
_aAmes, Louise Bates, _d1908-1996 _ecolab. _928718 |
|
| 905 | _aLibro | ||
| 999 |
_c980 _d980 |
||